[Event "South America-chT Schools 18th"]
[Site "Natal"]
[Date "2012.12.02"]
[Round "3.3"]
[White "Sakada, Marcos Vinicius"]
[Black "Zarate, Fernandoh"]
[Result "0-1"]
[WhiteElo "1701"]
[BlackElo "1791"]
[PlyCount "58"]
[EventDate "2012.12.01"]
[EventType "team-swiss"]
[EventRounds "6"]
[EventCountry "BRA"]
[SourceTitle "EXT 2023"]
[Source "ChessBase"]
[SourceDate "2022.10.05"]
[SourceVersion "1"]
[SourceVersionDate "2022.10.05"]
[SourceQuality "1"]
[WhiteTeam "Brazil"]
[BlackTeam "Paraguay"]
[WhiteTeamCountry "BRA"]
[BlackTeamCountry "PAR"]

1. e4 c6 2. d4 d5 3. e5 c5 4. c3 Bf5 5. Bd3 Bxd3 6. Qxd3 e6 7. Ne2 Ne7 8. Bg5 Qc7 9. Ng3 Nec6 10. a3 Qb6 11. b4 cxd4 12. b5 Nxe5 13. Qxd4 Nbd7 14. Qxb6 Nxb6 15. 0-0 Bc5 16. Nd2 Na4 17. Nb3 Bb6 18. Ne2 f6 19. Bf4 Nc4 20. Nd2 Nxd2 21. Bxd2 0-0 22. Nf4 Rfe8 23. Rfe1 Kf7 24. Re2 Rac8 25. Rae1 Nc5 26. Be3 Ne4 27. Bxb6 axb6 28. Rc2 Rxc3 29. Rec1 Rec8 0-1

[Event "Pan American-ch U20"]
[Site "Sao Paulo"]
[Date "2012.07.01"]
[Round "5"]
[White "Awoki, Daniel Teidi"]
[Black "Zarate, Fernandoh"]
[Result "0-1"]
[WhiteElo "1900"]
[BlackElo "1768"]
[PlyCount "90"]
[EventDate "2012.06.29"]
[EventType "swiss"]
[EventRounds "9"]
[EventCountry "BRA"]
[SourceTitle "CBM 149 Extra"]
[Source "ChessBase"]
[SourceDate "2012.08.24"]
[SourceVersion "1"]
[SourceVersionDate "2012.08.24"]
[SourceQuality "1"]

1. e4 c6 2. d4 d5 3. exd5 cxd5 4. c4 Nf6 5. Bg5 Ne4 6. Be3 dxc4 7. Bxc4 e6 8. Nf3 Be7 9. Nc3 Nxc3 10. bxc3 0-0 11. 0-0 Nd7 12. Bf4 a6 13. a4 Nf6 14. Qe2 Bd7 15. Rfb1 Bc6 16. Ne5 Be4 17. Rb2 Rc8 18. Bd2 Qc7 19. f3 Bd5 20. Bd3 Nd7 21. Nxd7 Qxd7 22. Be4 Bc4 23. Qe1 b5 24. axb5 axb5 25. Qg3 b4 26. Bh6 Bf6 27. Rxb4 Bxd4+ 28. Kh1 Bxc3 29. Rc1 Kh8 30. f4 Ba2 31. h3 Qd2 32. Rc2 Qd1+ 33. Kh2 Bd4 34. Bxg7+ Bxg7 35. Rxa2 Rc1 36. Qe3 Qh1+ 37. Kg3 Rc3 38. Bd3 Rxd3 39. Qxd3 Qe1+ 40. Kh2 Qxb4 41. Qf3 e5 42. fxe5 Bxe5+ 43. g3 Rg8 44. Rg2 Qe1 45. Rg1 Qxg1+ 0-1